00551nam a2200157Ia 4500008004100000082001500041100002500056245003500081260003800116300001000154630001800164650007200182942000900254952011300263999001700376211109s9999||||xx |||||||||||||| ||und|| a954bKUN-C aKunjan Pillai, E P N 0aCharithrathinte Pachathalathil bMagalodayam LimtedaTrichurc1961 a214p. xGeneral Stack aHistoryvKerala HistoryHistory of IndiaHistory of KeralaxGeneralia cBOOK 00104070aSBCLbSBCLc2d2021-11-09g100.00l0o954 KUN-Cp00024602r2021-11-09 00:00:00w2021-11-09yBOOK c23846d23846